书目信息 |
| 题名: |
逍遥太平洋
|
|
| 作者: | 彭建泽 编著 | |
| 分册: | ||
| 出版信息: | 长沙 湖南地图出版社 2003 |
|
| 页数: | 156页 | |
| 开本: | 24cm | |
| 丛书名: | 世界旅游金卡 | |
| 单 册: | ||
| 中图分类: | K918.19 | |
| 科图分类: | ||
| 主题词: | 导游 , 地理--世界 | |
| 电子资源: | ||
| ISBN: | 7-80552-454-8 | |
| 000 | 01018oam2 2200313 450 | |
| 001 | 070023533540 | |
| 005 | 20051219103411.42 | |
| 010 | @a7-80552-454-8@dCNY38.50 | |
| 092 | @aCN | |
| 100 | @a20041213d2003 ekmy0chiy0120 ea | |
| 101 | 0 | @achi |
| 102 | @aCN@b430000 | |
| 105 | @aa g 000yy | |
| 200 | 1 | @a逍遥太平洋@9xiao yao tai ping yang@e太平洋旅游金卡@e太平洋诸岛@f彭建泽编著@Fpeng jian ze bian zhu |
| 210 | @a长沙@c湖南地图出版社@d2003 | |
| 215 | @a156页@c图@d24cm | |
| 225 | 2 | @a世界旅游金卡@h第一辑 |
| 330 | @a本画册图文并茂,是太平洋旅游的指南,介绍了太平洋三大岛群、夏威夷岛、汤加等,以及与它相关的节日、风俗、有关趣闻等。 | |
| 461 | 0 | @12001 @a世界旅游金卡 |
| 517 | 1 | @a太平洋诸岛@9tai ping yang zhu dao |
| 517 | 1 | @a太平洋旅游金卡@9tai ping yang lv you jin ka |
| 606 | 0 | @a导游 |
| 606 | 0 | @a地理@x世界 |
| 607 | @a太平洋岛屿@x导游 | |
| 690 | @aK918.19@v4 | |
| 701 | 0 | @a彭建泽@Apeng jian ze@4编著 |
| 801 | 0 | @aCN@bCXYBOOK@c20051219 |
| 905 | @a10447@dK918.19@e107 | |
| 999 | @aAFJ | |
| 逍遥太平洋:太平洋旅游金卡:太平洋诸岛/彭建泽编著.-长沙:湖南地图出版社,2003 |
| 156页:图;24cm.-(世界旅游金卡.第一辑) |
| ISBN 7-80552-454-8:CNY38.50 |
| 本画册图文并茂,是太平洋旅游的指南,介绍了太平洋三大岛群、夏威夷岛、汤加等,以及与它相关的节日、风俗、有关趣闻等。 |
| ● |
| 相关链接 |
|
|
|
|
正题名:逍遥太平洋
索取号:K918.19/107
 
预约/预借
| 序号 | 登录号 | 条形码 | 馆藏地/架位号 | 状态 | 备注 |
| 1 | 0371661 | 203716611 | 第二样本阅览室/ [索取号:K918.19/107] | 在馆 | |
| 2 | 0371662 | 203716620 | 第二借阅区/ [索取号:K918.19/107] | 在馆 | |
| 3 | 0371663 | 203716639 | 第二借阅区/ [索取号:K918.19/107] | 在馆 |